Foundations of ethics / (Record no. 8542)

MARC details
000 -LEADER
fixed length control field 01335nam a22002537a 4500
003 - CONTROL NUMBER IDENTIFIER
control field GBCCL
005 - DATE AND TIME OF LATEST TRANSACTION
control field 20241126110653.0
008 - FIXED-LENGTH DATA ELEMENTS--GENERAL INFORMATION
fixed length control field 210405b ||||| |||| 00| 0 eng d
020 ## - INTERNATIONAL STANDARD BOOK NUMBER
International Standard Book Number 0268009635
020 ## - INTERNATIONAL STANDARD BOOK NUMBER
International Standard Book Number 9780268009632
020 ## - INTERNATIONAL STANDARD BOOK NUMBER
International Standard Book Number 0268028613
020 ## - INTERNATIONAL STANDARD BOOK NUMBER
International Standard Book Number 9780268028619
040 ## - CATALOGING SOURCE
Transcribing agency GBC
082 ## - DEWEY DECIMAL CLASSIFICATION NUMBER
Classification number 170
Item number FOU
245 ## - TITLE STATEMENT
Title Foundations of ethics /
Statement of responsibility, etc. edited by Leroy S. Rouner.
260 ## - PUBLICATION, DISTRIBUTION, ETC.
Place of publication, distribution, etc. Notre Dame, Ind. :
Name of publisher, distributor, etc. University of Notre Dame Press,
Date of publication, distribution, etc. ©1983.
300 ## - PHYSICAL DESCRIPTION
Extent xvi, 237 pages ;
Dimensions 24 cm.
440 ## - SERIES STATEMENT/ADDED ENTRY--TITLE
Title Boston University studies in philosophy and religion, v. 4.
9 (RLIN) 15042
505 ## - FORMATTED CONTENTS NOTE
Formatted contents note Kant and the mythic roots of morality / John R. Silber --<br/>Reason, tradition, community / Charles Davis --<br/>"But we do see Jesus" / John Howard Yoder --<br/>Pilgrimage to communitarian personalism / Walter G. Muelder --<br/>Utilitarianism and the goodness of persons / Lynda Sharp Paine --<br/>Rights, privacy, and tainted ideals / Edward W. James --<br/>Confession and moral choice / Sissela Bok --<br/>Supererogation / Daniel R. DeNicola --<br/>The ethics of the auspicious / John B. Carman --<br/>Ethics and mysticism / Steven T. Katz --<br/>Tragic choices / Roger S. Gottlieb --<br/>Reflections on the ambiguity of science / Robert S. Cohen.
650 ## - SUBJECT ADDED ENTRY--TOPICAL TERM
Topical term or geographic name entry element Ethics.
9 (RLIN) 173
650 ## - SUBJECT ADDED ENTRY--TOPICAL TERM
Topical term or geographic name entry element Social ethics.
9 (RLIN) 171
650 ## - SUBJECT ADDED ENTRY--TOPICAL TERM
Topical term or geographic name entry element Morale.
9 (RLIN) 15043
942 ## - ADDED ENTRY ELEMENTS (KOHA)
Source of classification or shelving scheme Dewey Decimal Classification
Koha item type Books
Koha issues (borrowed), all copies 2
Holdings
Withdrawn status Lost status Source of classification or shelving scheme Damaged status Not for loan Home library Current Library Shelving location Date acquired Total checkouts Total renewals Full call number Barcode Date last seen Date last checked out Copy number Price effective from Koha item type
    Dewey Decimal Classification     GRACE BIBLE COLLEGE GRACE BIBLE COLLEGE Philosophy and Religion 2021-04-05 2 1 170 FOU 020180 2025-05-01 2022-10-03 c.1 2021-04-05 Books
© Grace Bible College Library 2025